Catálogo público

La agricultura urbana, propuesta de inversión para el segmento de adultos mayores aplicado en una comunidad para el retiro / (Record no. 218495)

MARC details
000 -CABECERA
campo de control de longitud fija 03290 a2200313 4500
003 - IDENTIFICADOR DEL NÚMERO DE CONTROL
campo de control OSt
005 - FECHA Y HORA DE LA ÚLTIMA TRANSACCIÓN
campo de control 20240905144405.0
007 - CAMPO FIJO DE DESCRIPCIÓN FÍSICA--INFORMACIÓN GENERAL
campo de control de longitud fija cr ||||||a|c|a
008 - DATOS DE LONGITUD FIJA--INFORMACIÓN GENERAL
campo de control de longitud fija 230303s2022 mx a|||fom||| 001 0 spa d
040 ## - FUENTE DE LA CATALOGACIÓN
Centro/agencia transcriptor CHAP
100 1# - ENTRADA PRINCIPAL--NOMBRE DE PERSONA
9 (RLIN) 126835
Nombre de persona López López, Gamaliel
245 13 - MENCIÓN DE TÍTULO
Título La agricultura urbana, propuesta de inversión para el segmento de adultos mayores aplicado en una comunidad para el retiro /
Mención de responsabilidad, etc. por Gamaliel López López ; director de tesis Romel Olivares Gutiérrez.
264 #1 - PRODUCCIÓN, PUBLICACIÓN, DISTRIBUCIÓN, FABRICACIÓN Y COPYRIGHT
Producción, publicación, distribución, fabricación y copyright Chapingo, México :
Nombre del de productor, editor, distribuidor, fabricante El autor.
Fecha de producción, publicación, distribución, fabricación o copyright 2022.
300 ## - DESCRIPCIÓN FÍSICA
Extensión 1 recurso en línea (89 páginas):
Otras características físicas figuras, cuadros.
336 ## - TIPO DE CONTENIDO
Fuente rdacontent
Término de tipo de contenido texto
Código de tipo de contenido txt
337 ## - TIPO DE MEDIO
Fuente rdamedia
Nombre/término del tipo de medio computadora
Código del tipo de medio c
338 ## - TIPO DE SOPORTE
Fuente rdacarrier
Nombre/término del tipo de soporte recurso en línea
Código del tipo de soporte cr
502 ## - NOTA DE TESIS
Tipo de título Maestría en Estrategia Agroempresarial
Nombre de la institución que otorga el título Universidad Autónoma Chapingo. Centro de Investigaciones Económicas, Sociales y Tecnológicas de la Agroindustria y la Agricultura Mundial,
Año de obtención del título 2022.
Información miscelánea Maestría
504 ## - NOTA DE BIBLIOGRAFÍA, ETC.
Nota de bibliografía, etc. Incluye literatura citada : 60-63.
520 ## - SUMARIO, ETC.
Sumario, etc. De los 17 problemas más importantes de la humanidad, algunos son referidos a la dinámica de la población urbana: contaminación ambiental, aumento de la población, aglomeración urbana y aumento de la población de adultos mayores. Ante este escenario, la agricultura urbana, definida como; la producción y/o transformación agrícola o pecuario en el entorno citadino, representa una fuente de beneficios ecológicos, económicos y recreativos para sus residentes. El objetivo de esta investigación fue analizar a las empresas del ramo de la agricultura urbana con la finalidad de buscar alternativas ante la incertidumbre e inestabilidad que presentan. Como primera instancia, se analizaron a las empresas de agricultura urbana aplicando las herramientas; perspectiva histórica, red de valor, encuesta de línea base y la evaluación de proyectos productivos. Se efectuaron entrevistas a un estimado del 10% de las empresas dedicadas a la agricultura urbana, identificando que coinciden en servicios y productos, participan de los mismos clientes y se acercan a un mercado de océano rojo. Ante la problemática mundial existente, se requiere de visión y certidumbre aplicado a mediano y largo plazo. De las alternativas posibles, se eligió al sector de los adultos mayores; identificando 819 empresas que ofertan servicios a este segmento; al no incluir las áreas verdes en su catálogo de servicios, se oferta la incorporación de la agricultura urbana como medio de pertenencia del adulto mayor. A través de una simulación financiera, se determinó el mínimo de empresas que se requieren para que el proyecto resulte autosustentable, considerando un universo de 819 posibles clientes. Los resultados indican que el proyecto es factible y rentable para la empresa CITYGREEN, asimismo, coadyuva a mejorar la posición relativa que existe entre la competencia de los asilos y contribuye a enfrentar algunos de los problemas planteados al inicio.
650 #4 - PUNTO DE ACCESO ADICIONAL DE MATERIA--TÉRMINO DE MATERIA
9 (RLIN) 134898
Término de materia o nombre geográfico como elemento de entrada Agricultura urbana
Subdivisión general Aspectos sociales
650 #4 - PUNTO DE ACCESO ADICIONAL DE MATERIA--TÉRMINO DE MATERIA
9 (RLIN) 187474
Término de materia o nombre geográfico como elemento de entrada Personas adultas mayores
Subdivisión general Empleo
650 #4 - PUNTO DE ACCESO ADICIONAL DE MATERIA--TÉRMINO DE MATERIA
9 (RLIN) 187475
Término de materia o nombre geográfico como elemento de entrada Personas adultas mayores
Subdivisión general Condiciones sociales
650 #4 - PUNTO DE ACCESO ADICIONAL DE MATERIA--TÉRMINO DE MATERIA
9 (RLIN) 35179
Término de materia o nombre geográfico como elemento de entrada Ecología humana
650 #4 - PUNTO DE ACCESO ADICIONAL DE MATERIA--TÉRMINO DE MATERIA
9 (RLIN) 95384
Término de materia o nombre geográfico como elemento de entrada Redes de valor
700 1# - PUNTO DE ACCESO ADICIONAL--NOMBRE DE PERSONA
Nombre de persona Olivares Gutiérrez, Romel
Término indicativo de función/relación Director de tesis.
9 (RLIN) 83045
856 ## - LOCALIZACIÓN Y ACCESO ELECTRÓNICOS
Identificador Uniforme del Recurso http://10.13.5.2/tesis/tm/1813060-5_LOPEZ_LOPEZ_GAMALIEL.pdf
Nota pública DESCARGAR PDF
942 ## - ELEMENTOS DE PUNTO DE ACCESO ADICIONAL (KOHA)
Tipo de ítem Koha Tesis digital
Fuente del sistema de clasificación o colocación Clasificación Universidad Autónoma Chapingo
Holdings
Estado de retiro Estado de pérdida Fuente del sistema de clasificación o colocación Estado dañado Restricciones de uso No para préstamo Código de colección Localización permanente Ubicación/localización actual Ubicación en estantería Fecha de adquisición Total de préstamos Signatura topográfica completa Fecha visto por última vez Precio válido a partir de Tipo de ítem Koha
    Clasificación Universidad Autónoma de Chapingo   Préstamo interno   Tesis digitales de Maestría Biblioteca Digital Biblioteca Digital En línea 27/06/2023   Tesis digital 27/06/2023 27/06/2023 Tesis digital